000 00395pab a2200169 454500
008 180718b2011 xxu||||| |||| 00| 0 eng d
100 _aRajpurohit, B.S.
245 _aMisunderstanding education: Back to basics
260 _c2011
300 _ap.25-29.
362 _a26 Sep
650 _aEducation
700 _aLatwal, G.S.
773 _aUniversity News
908 _aN
909 _a93211
999 _c93211
_d93211